000 00712nam a2200241Ia 4500
003 OSt
005 20220925222157.0
006 a|||||r|||| 00| 0
007 ta
008 220923b |||||||| |||| 00| 0 eng d
037 _cGeneral Book
040 _aRTL
_cRTL
_beng
041 _2eng
_aeng
082 _aX61, L4
100 _aJohnson Harry G Ed.
_996803
245 0 _aIssues in monetary economics
_b Proceedings of the
260 _aLondon
_bOxford University Press U. K.
_c1974
300 _axi, 595p.
_ccm.
650 _aEconomics-Money
_928470
700 _a Nobay A R Ed.
_9287354
942 _hX61, L4
_cGB
_2CC
999 _c576298
_d576298